| 000 | 00808cam a22002293a 4500 | ||
|---|---|---|---|
| 001 | 30959 | ||
| 003 | PGUSA | ||
| 005 | 20140828083653.0 | ||
| 008 | 100113s2010||||xxu|||||s|||||000 | eng d | ||
| 040 |
_aPGUSA _beng |
||
| 042 | _adc | ||
| 050 | 4 | _aPR | |
| 100 | 1 |
_aCoventry. Public Libraries Committee _q(England) |
|
| 245 | 1 | 0 |
_aGeorge Eliot Centenary, November 1919 : _bCatalogue of Relics, Manuscrips, Prints, Paintings, Photographs and Books relating to George Eliot _h[electronic resource] / _cCoventry. Public Libraries Committee |
| 260 |
_bProject Gutenberg, _c2010 |
||
| 506 | _aPublic domain in the USA. | ||
| 516 | _aElectronic text | ||
| 653 | _aEliot, George, 1819-1880 -- Exhibitions | ||
| 830 | 0 |
_aProject Gutenberg _v30959 |
|
| 856 | 4 | 0 | _uhttp://www.gutenberg.org/ebooks/30959 |
| 942 | _cEB | ||
| 999 |
_c260214 _d260214 |
||